[Event "Tourn. n9067"]
[Site "www.chess-mail.com"]
[Date "2016.12.20"]
[Round "1"]
[White "Comrade"]
[Black "Norlavuaram"]
[WhiteElo "2260"]
[BlackElo "2220"]
[Result "1-0"]
[Round "1"]
1.c4 Ng8f6
2.Nb1c3 g6
3.d4 Bf8g7
4.e4 d6
5.f4 O-O
6.Bf1e2 c5
7.Ng1f3 cxd4
8.Nf3xd4 Nb8c6
9.Bc1e3 Bc8d7
10.O-O Nf6g4
11.Be2xg4 Ra8c8
12.Bg4xd7 Qd8xd7
13.b3 a6
14.Qd1d2 Rf8d8
15.Ra1d1 Qd7e8
16.Qd2f2 Nc6xd4
17.Be3xd4 Bg7xd4
18.Rd1xd4 b5
19.Nc3d5 Rc8b8
20.cxb5 axb5
21.Qf2h4 Rb8b7
22.f5 Rb7a7
23.fxg6 hxg6
24.Rd4d3 Qe8f8
25.Rd3h3 Qf8g7
26.Nd5xe7 Kf8
27.Ne7c6 { resign }
1-0

[Event "Tourn. n9103"]
[Site "www.chess-mail.com"]
[Date "2016.12.20"]
[Round "1"]
[White "Norlavuaram"]
[Black "Piekki"]
[WhiteElo "2240"]
[BlackElo "2290"]
[Result "1-0"]
[Round "1"]
1.e4 e5
2.Ng1f3 Nb8c6
3.Bf1b5 a6
4.Bb5a4 Ng8f6
5.O-O Bf8e7
6.Rf1e1 b5
7.Ba4b3 O-O
8.c3 Rf8e8
9.d4 exd4
10.cxd4 d5
11.e5 Nf6e4
12.Nb1c3 Ne4xc3
13.bxc3 Bc8e6
14.Bb3c2 Be7f8
15.Nf3g5 { resign }
1-0

[Event "Tourn. n9123"]
[Site "www.chess-mail.com"]
[Date "2016.12.20"]
[Round "1"]
[White "Urbe69"]
[Black "Faerieking"]
[WhiteElo "2089"]
[BlackElo "2200"]
[Result "1/2-1/2"]
[Round "1"]
1.d4 Ng8f6
2.Ng1f3 e6
3.Bc1g5 h6
4.Bg5xf6 Qd8xf6
5.e4 Bf8b4
6.c3 Bb4a5
7.Bf1d3 a6
8.O-O O-O
9.Nb1d2 Nb8c6
10.Rf1e1 d6
11.e5 dxe5
12.Nf3xe5 Nc6xe5
13.dxe5 Qf6e7
14.Nd2c4 Ba5b6
15.Nc4xb6 cxb6
16.Bd3c2 Rf8d8
17.Qd1f3 { draw }
1/2-1/2

[Event "Tourn. n9060"]
[Site "www.chess-mail.com"]
[Date "2016.12.20"]
[Round "1"]
[White "Lachouette"]
[Black "Servant"]
[WhiteElo "1489"]
[BlackElo "1690"]
[Result "1-0"]
[Round "1"]
1.d4 d5
2.Ng1f3 Ng8f6
3.e3 e6
4.Nf3e5 Bf8d6
5.f4 c5
6.c3 O-O
7.Nb1d2 cxd4
8.cxd4 Nb8c6
9.Ne5xc6 bxc6
10.Nd2b3 Nf6e4
11.Bf1d3 f5
12.Bd3xe4 fxe4
13.g3 Bc8a6
14.Nb3c5 Bd6xc5
15.dxc5 Ba6d3
16.Bc1d2 Ra8b8
17.b3 Qd8e7
18.Bd2c3 Qe7xc5
19.Bc3d4  { time }
1-0

[Event "Tourn. n9135"]
[Site "www.chess-mail.com"]
[Date "2016.12.20"]
[Round "1"]
[White "Mitja"]
[Black "Bojan"]
[WhiteElo "2010"]
[BlackElo "2030"]
[Result "1-0"]
[Round "1"]
1.d4 d5
2.e3 Bc8f5
3.c3 a6
4.h3 Nb8d7
5.Ng1e2 c5
6.dxc5 Nd7xc5
7.Ne2g3 Bf5g6
8.Bf1e2 h5
9.Ng3xh5 e5
10.Nh5g3 Ng8f6
11.b4 Nc5e4
12.Ng3xe4 Nf6xe4
13.Bc1b2 b5
14.Nb1d2 Qd8g5
15.Nd2xe4 Qg5xg2
16.Be2f3 Qg2xh1
17.Bf3xh1 dxe4
18.Bh1g2 Ra8d8
19.Qd1c2 Rd8d3
20.Ra1d1 Bg6f5
21.Rd1xd3 exd3
22.Qc2d2 e4
23.f4 Rh8h7
24.Qd2f2 Bf8e7
25.Kd2 Be7h4
26.Qf2f1 Bf5g6
27.f5 Bg6h5
28.Qf1f4 Bh4e7
29.Qf4xe4 Bh5e2
30.Qe4c6 Kf8
31.Qc6c8 { resign }
1-0

[Event "Tourn. n9026"]
[Site "www.chess-mail.com"]
[Date "2016.12.20"]
[Round "1"]
[White "Albertf"]
[Black "Genius3"]
[WhiteElo "1860"]
[BlackElo "1620"]
[Result "1-0"]
[Round "1"]
1.d4 Ng8f6
2.c4 e6
3.e3 d5
4.Nb1c3 c5
5.dxc5 Bf8xc5
6.cxd5 exd5
7.Bf1b5 Bc8d7
8.Bb5xd7 Qd8xd7
9.Ng1f3 Nb8c6
10.a3 O-O
11.b4 Bc5b6
12.O-O a6
13.Bc1b2 Ra8d8
14.Nc3a4 Bb6a7
15.Bb2xf6 gxf6
16.Na4c3 d4
17.exd4 Ba7xd4
18.Nf3xd4 Nc6xd4
19.Nc3e4 Qd7f5
20.Ne4g3 Qf5c2
21.Qd1g4 Qc2g6
22.Qg4f4 Qg6xg3
23.Qf4xg3 Kh8
24.Qg3h4 { resign }
1-0

[Event "Match"]
[Site "www.echecsemail.com"]
[Date "2016.12.20"]
[Round "1"]
[White "Whitekknight"]
[Black "Jobeye"]
[WhiteElo "1960"]
[BlackElo "1809"]
[Result "1-0"]
[Round "1"]
1.e4 c6
2.d4 e5
3.dxe5 Qd8a5
4.Bc1d2 Qa5xe5
5.Nb1c3 Bf8b4
6.Ng1f3 Qe5e7
7.Bf1d3 d5
8.O-O Bc8e6
9.Rf1e1 Ng8f6
10.exd5 Nf6xd5
11.Nc3xd5 cxd5
12.c3 Bb4c5
13.Qd1a4 Nb8c6
14.Nf3e5 Qe7c7
15.Ne5xc6 bxc6
16.Qa4g4 Kf8
17.Qg4f3 Qc7b6
18.b4 Bc5xf2
19.Qf3xf2 Qb6xf2
20.Kxf2 g6
21.Bd2e3 h5
22.Bd3a6 f6
23.Ba6b7 Ra8d8
24.Be3c5 Kf7
25.Bb7a6 Rd8d7
26.Ba6d3 Rh8e8
27.a4 g5
28.b5 Re8c8
29.bxc6 Rc8xc6
30.Bc5b4 d4
31.Bd3b5 dxc3
32.Bb5xc6 Rd7d2
33.Ke3 Rd2c2
34.Re1e2 Rc2xe2
35.Kxe2 { resign }
1-0

[Event "Match"]
[Site "www.echecsemail.com"]
[Date "2016.12.20"]
[Round "1"]
[White "Trucker44"]
[Black "Ledzepp"]
[WhiteElo "1330"]
[BlackElo "1460"]
[Result "0-1"]
[Round "1"]
1.e4 e5
2.c4 Bf8c5
3.Ng1f3 Nb8c6
4.d3 Ng8f6
5.Nb1c3 Nf6g4
6.h3 Ng4xf2
7.Qd1d2 Nf2xh1
8.Nf3g5 Nh1g3
9.Nc3d5 { time. }
0-1

[Event "Match"]
[Site "www.echecsemail.com"]
[Date "2016.12.20"]
[Round "1"]
[White "Attatroll"]
[Black "Jobeye"]
[WhiteElo "1920"]
[BlackElo "2410"]
[Result "1-0"]
[Round "1"]
1.e4 c5
2.Nb1c3 e6
3.g4 g5
4.Bf1g2 d6
5.h3 Nb8c6
6.d3 f6
7.Bc1e3 b6
8.Ng1e2 Bc8d7
9.O-O Qd8c8
10.f4 h5
11.fxg5 hxg4
12.hxg4 Bf8e7
13.Ne2f4 fxg5
14.Nf4g6 Rh8h7
15.Ng6xe7 Ng8xe7
16.Be3xg5 e5
17.Qd1f3 Ne7g6
18.Nc3d5 Rh7h8
19.Qf3f7 { resign }
1-0

[Event "Match"]
[Site "www.echecsemail.com"]
[Date "2016.12.20"]
[Round "1"]
[White "Raulazo"]
[Black "Hundegana"]
[WhiteElo "1890"]
[BlackElo "1980"]
[Result "0-1"]
[Round "1"]
1.e4 c5
2.Ng1f3 d6
3.Bf1c4 e6
4.d4 cxd4
5.Qd1xd4 Qd8b6
6.Bc1e3 Qb6xd4
7.Be3xd4 Nb8c6
8.O-O Nc6xd4
9.Nf3xd4 Bc8d7
10.Nb1c3 a6
11.Ra1e1 Bf8e7
12.Nd4f3 Ng8f6
13.e5 Nf6g4
14.exd6 Be7xd6
15.g3 Bd7c6
16.Nf3g5 h6
17.Ng5h3 O-O-O
18.Re1xe6 fxe6
19.Bc4xe6 Bc6d7
20.Be6xg4 Bd7xg4
21.Kg2 Rh8f8
22.Nc3a4 Bg4xh3
23.Kxh3 b5
24.Na4b6 Kb7
25.Nb6d5 Rd8e8
26.f4 Re8e2
27.Rf1c1 Rf8f5
28.Nd5c3 Re2e3
29.Kg4 g6
30.Kh3 Bd6xf4
31.Rc1g1 Bf4d6
32.Nc3d1 Re3e2
33.c3 Rf5h5
34.Kg4 Re2xh2
35.a3 Rh5f5
36.Nd1e3 h5
{ resign }
0-1

[Event "Match"]
[Site "www.echecsemail.com"]
[Date "2016.12.20"]
[Round "1"]
[White "Fatmike02"]
[Black "Pariolinius"]
[WhiteElo "1749"]
[BlackElo "1900"]
[Result "0-1"]
[Round "1"]
1.e4 c5
2.Nb1c3 e5
3.g3 Ng8f6
4.Bf1g2 Nb8c6
5.Ng1e2 Bf8e7
6.d3 O-O
7.Bc1e3 a6
8.f4 d6
9.h3 Nc6d4
10.Qd1d2 b5
11.fxe5 dxe5
12.g4 Bc8e6
13.b3 Qd8d7
14.Be3g5 a5
15.Ne2xd4 cxd4
16.Nc3e2 Be7b4
17.c3 dxc3
18.Ne2xc3 Ra8c8
19.Ra1c1 Rc8c7
20.Bg5xf6 Rf8c8
21.Bf6xe5 Rc7c5
22.Qd2g5 f6
{ resign }
0-1

[Event "Match"]
[Site "www.echecsemail.com"]
[Date "2016.12.20"]
[Round "1"]
[White "Pinehill"]
[Black "Jobeye"]
[WhiteElo "2040"]
[BlackElo "2439"]
[Result "1-0"]
[Round "1"]
1.e4 e5
2.d4 exd4
3.Bf1c4 Nb8c6
4.Ng1f3 Bf8b4
5.Kf1 h6
6.c3 dxc3
7.bxc3 Bb4a5
8.Qd1d5 Qd8e7
9.e5 Qe7e6
10.Qd5e4 f5
11.Qe4d3 Nc6xe5
12.Nf3xe5 Qe6xe5
13.Bc4xg8 Rh8xg8
14.Bc1b2 d5
15.Nb1a3 a6
16.Ra1e1 Qe5xe1
17.Kxe1 Kf7
18.Qd3xd5 Bc8e6
19.Qd5xa5 b6
20.Qa5e5 Rg8e8
21.Kd2 Ra8d8
22.Kc1 Rd8d7
23.Rh1e1 Rd7d5
24.Qe5xc7 Rd5d7
25.Qc7xb6 Re8e7
26.Na3c2 Be6xa2
27.Re1xe7 Rd7xe7
28.Qb6xa6 Ba2d5
29.c4 Bd5xg2
30.Nc2e3 Bg2h1
31.c5 f4
32.Qa6c4 Kg6
33.Qc4xf4 Re7f7
34.Qf4d6 Kh7
35.Ne3g4 h5
36.Ng4e5 Rf7xf2
37.Qd6g6 Kg8
38.Qg6g1 { resign }
1-0

[Event "Match"]
[Site "www.echecsemail.com"]
[Date "2016.12.20"]
[Round "1"]
[White "Guidom"]
[Black "Jobeye"]
[WhiteElo "2190"]
[BlackElo "2010"]
[Result "0-1"]
[Round "1"]
1.e4 e5
2.Ng1f3 Ng8f6
3.Nb1c3 Bf8c5
4.d3 d6
5.Bc1g5 Bc8e6
6.Bf1e2 h6
7.Bg5h4 c6
8.O-O Nb8d7
9.a3 a6
10.Qd1d2 g5
11.Bh4g3 Qd8b6
12.b4 Bc5d4
13.Ra1b1 Nf6h5
14.Nc3a4 Qb6b5
15.Na4c3 Qb5b6
16.Nf3xd4 Nh5xg3
17.Nd4xe6 Ng3xf1
18.Kxf1 fxe6
19.Be2h5 Ke7
20.Nc3e2 Ra8f8
21.f3 Nd7f6
22.Ne2g3 Nf6xh5
23.Ng3xh5 g4
24.c3 gxf3
25.g3 Rh8g8
26.Qd2xh6 Rg8h8
27.Qh6g7 Kd8
28.Nh5f6 Qb6c7
29.Qg7g5 Qc7e7
30.h4 Rf8xf6
31.Kf2 Qe7f7
32.Qg5g4 Rh8g8
33.Qg4h3 Rf6g6
34.Rb1g1 d5
35.h5 Rg6g5
36.g4 Qf7f4
37.Qh3xf3 Qf4d2
38.Kf1 Qd2xc3
39.Qf3f6 Kc7
40.Qf6e7 Kb6
41.exd5 Qc3xd3
42.Ke1 Qd3e3
43.Kf1 exd5
{ resign }
0-1

[Event "Match"]
[Site "www.echecsemail.com"]
[Date "2016.12.20"]
[Round "1"]
[White "Spencer"]
[Black "Istomc"]
[WhiteElo "1499"]
[BlackElo "1539"]
[Result "1-0"]
[Round "1"]
1.e4 d5
2.exd5 Qd8xd5
3.Nb1c3 Qd5e6
4.Bf1e2 Qe6g6
5.Ng1f3 Qg6xg2
6.Rh1g1 Qg2h3
7.d4 Ng8f6
8.Bc1f4 Qh3d7
9.Nf3e5 Qd7d8
10.Be2c4 e6
11.Qd1f3 Bf8d6
12.Rg1xg7  { time }
1-0

[Event "Match"]
[Site "www.echecsemail.com"]
[Date "2016.12.20"]
[Round "1"]
[White "Fangshuo"]
[Black "Jobeye"]
[WhiteElo "2110"]
[BlackElo "2040"]
[Result "1-0"]
[Round "1"]
1.e4 g5
2.Bf1c4 e6
3.Ng1f3 c5
4.d3 Bf8e7
5.Nf3e5 d6
6.Ne5g4 h5
7.Ng4e3 Be7f6
8.O-O Nb8c6
9.f4 gxf4
10.Rf1xf4 e5
11.Rf4f3 Nc6d4
12.Rf3f2 Bc8d7
13.Nb1c3 a6
14.Nc3d5 Bf6h4
15.g3 Bh4g5
16.c3 Nd4e6
17.Ne3f5 Bd7c6
18.Bc1xg5 Ne6xg5
19.Nf5g7 Kf8
20.Qd1f1 Kxg7
21.h4 Ng5h7
22.Rf2xf7 Kg6
23.Qf1f5 Kh6
24.Nd5e7 Ng8xe7
25.Rf7xh7 Rh8xh7
26.Qf5g5 { resign }
1-0

[Event "Match"]
[Site "www.echecsemail.com"]
[Date "2016.12.20"]
[Round "1"]
[White "Jobeye"]
[Black "Iko"]
[WhiteElo "2419"]
[BlackElo "1720"]
[Result "1-0"]
[Round "1"]
1.e4 e5
2.Ng1f3 d6
3.Bf1c4 Bc8d7
4.d4 Bd7c6
5.Nf3g5 Ng8h6
6.Qd1f3 f6
7.Ng5e6 Qd8e7
8.Bc1xh6 gxh6
9.Ne6xc7 Qe7xc7
10.Qf3xf6 Qc7g7
11.Qf6e6 Qg7e7
12.Qe6c8 Qe7d8
13.Bc4f7 Ke7
14.Qc8e6 
1-0

[Event "1/64 Finale"]
[Site "www.chess-mail.com"]
[Date "2016.12.20"]
[Round "1"]
[White "Ozana"]
[Black "Bojan"]
[WhiteElo "2259"]
[BlackElo "2080"]
[Result "1-0"]
[Round "1"]
1.Ng1f3 c5
2.c4 d5
3.d4 dxc4
4.e3 cxd4
5.Bf1xc4 Qd8c7
6.Qd1b3 e6
7.exd4 a6
8.O-O b5
9.Bc4e2 h6
10.Nf3e5 Nb8c6
11.Ne5xc6 Qc7xc6
12.Be2f3 Qc6b6
13.Bf3xa8 Qb6xd4
14.Bc1e3 Qd4e5
15.Qb3c3 Qe5b8
16.Ba8c6 Kd8
17.Qc3a5 Ke7
18.Qa5b4 Kf6
19.Qb4xf8 Bc8b7
20.Qf8xb8 { resign }
1-0

[Event "Fast Game"]
[Site "www.echecsemail.com"]
[Date "2016.12.20"]
[Round "1"]
[White "Jobeye"]
[Black "Pellix84"]
[WhiteElo "1629"]
[BlackElo "1640"]
[Result "1-0"]
[Round "1"]
1.c3 c5
2.e4 Nb8c6
3.Ng1f3 e6
4.d3 Qd8c7
5.g3 Ng8f6
6.Bc1f4 e5
7.Bf4e3 Bf8e7
8.Bf1g2 O-O
9.Nb1d2 h6
10.h3 b6
11.O-O Bc8a6
12.Nf3e1 d6
13.f4 Ra8d8
14.f5 d5
15.Qd1a4 Qc7b7
16.c4 dxc4
17.Nd2xc4 Nc6d4
18.Nc4xe5 Be7d6
19.Be3xd4 cxd4
20.Ne5c6 Qb7d7
21.Qa4xa6 { resign }
1-0

[Event "Tourn. n9049"]
[Site "www.chess-mail.com"]
[Date "2016.12.21"]
[Round "1"]
[White "Azulmarino"]
[Black "Lachouette"]
[WhiteElo "1580"]
[BlackElo "1509"]
[Result "0-1"]
[Round "1"]
1.e4 e5
2.Ng1f3 d6
3.Bf1c4 Bc8e6
4.Bc4d5 c6
5.Bd5xe6 fxe6
6.d3 Nb8d7
7.Bc1g5 Bf8e7
8.Qd1d2 h6
9.Bg5e3 g5
10.g4 Nd7f6
11.Nb1c3 Nf6xg4
12.h3 Ng4xe3
13.Qd2xe3 Ng8f6
14.Nf3xg5 hxg5
15.Qe3xg5 Kd7
16.Qg5e3 c5
17.O-O-O Qd8g8
18.Rh1g1 Qg8c8
19.Rg1g6 Qc8c7
20.Nc3b5 Qc7a5
21.Nb5c3 b5
22.a3 b4
23.Nc3b1 Ra8g8
24.Rg6xg8 Rh8xg8
25.Qe3d2 Qa5b6
26.axb4 Qb6xb4
27.Nb1c3 Nf6h5
28.Qd2h6 Be7g5
29.Qh6xg5 Rg8xg5
30.Nc3a2 Qb4d4
31.Rd1f1 c4
32.h4 Rg5g2
33.Na2b4 Rg2xf2
34.c3 Rf2xf1
{ resign }
0-1

[Event "Tourn. n9041"]
[Site "www.chess-mail.com"]
[Date "2016.12.21"]
[Round "1"]
[White "Al3x"]
[Black "Falcoale"]
[WhiteElo "1990"]
[BlackElo "1860"]
[Result "1-0"]
[Round "1"]
1.e4 c5
2.Ng1f3 e6
3.d4 cxd4
4.Nf3xd4 Ng8f6
5.Nb1c3 a6
6.Bf1d3 Bf8e7
7.O-O O-O
8.e5 Nf6e8
9.Qd1h5 g6
10.Qh5h3 d5
11.Bc1h6 Ne8g7
12.Nc3e2 f5
13.exf6 Be7xf6
14.Qh3e3 Bf6xd4
15.Ne2xd4 Nb8c6
16.Bh6xg7 Kxg7
17.Nd4xe6 Bc8xe6
18.Qe3xe6 Rf8f6
19.Qe6h3 Nc6b4
20.Rf1d1 Qd8f8
21.Rd1d2 Nb4xd3
22.Qh3xd3 Ra8d8
23.Ra1e1 Qf8f7
24.Qd3e3 Rf6f4
25.Rd2e2 Rd8f8
26.g3 Rf4e4
27.Qe3c3 Kg8
28.Re2xe4 Qf7xf2
29.Kh1 dxe4
30.Qc3c4 Kg7
31.Qc4xe4 Qf2f7
32.b3 Qf7f3
33.Qe4xf3 Rf8xf3
34.Re1e7 Rf3f7
35.Re7xf7 Kxf7
36.Kg2 Ke6
37.Kf3 Kd5
38.Ke3 b5
39.c3 a5
40.a3 Kc5
41.Ke4 a4
42.bxa4 bxa4
43.Kd3 h6
44.h3 Kd5
45.c4 Kc5
46.Kc3 g5
47.g4 { resign }
1-0

[Event "Tourn. n9083"]
[Site "www.chess-mail.com"]
[Date "2016.12.21"]
[Round "1"]
[White "Pariolinius"]
[Black "Snickers"]
[WhiteElo "1870"]
[BlackElo "1880"]
[Result "1-0"]
[Round "1"]
1.d4 d5
2.Ng1f3 Ng8f6
3.Bc1g5 Nb8d7
4.e3 h6
5.Bg5h4 e6
6.Nb1d2 Bf8e7
7.Bf1d3 c5
8.c3 a6
9.O-O O-O
10.h3 b6
11.Qd1c2 Bc8b7
12.Rf1e1  { time }
1-0

[Event "Tourn. n9056"]
[Site "www.chess-mail.com"]
[Date "2016.12.21"]
[Round "1"]
[White "Orhany24"]
[Black "Norlavuaram"]
[WhiteElo "2220"]
[BlackElo "2250"]
[Result "1/2-1/2"]
[Round "1"]
1.e4 e5
2.Ng1f3 Nb8c6
3.Bf1c4 Bf8e7
4.O-O Ng8f6
5.Rf1e1 O-O
6.d4 d6
7.h3 h6
8.dxe5 dxe5
9.Nb1c3 Be7b4
10.Bc1d2 a6
11.a3 Bb4a5
12.b4 Ba5b6
13.Nc3d5 Bb6a7
14.Bc4b3 Rf8e8
15.c4 Nc6d4
16.Nf3xd4 Ba7xd4
17.Bd2c3 Bd4a7
18.Qd1f3 c6
19.Nd5xf6 Qd8xf6
20.Qf3xf6 gxf6
21.Ra1d1 Bc8e6
22.Rd1d3 Ra8d8
23.Re1d1 Ba7b6
24.Rd3xd8 Re8xd8
25.Rd1xd8 Bb6xd8
26.f3 b5
27.Kf1 bxc4
28.Bb3a4 Be6d7
29.Ke2 Bd8b6
30.Bc3d2 Kg7
31.Bd2e3 Bb6c7
32.Be3c5 Kg6
33.g4 a5
34.h4 h5
35.gxh5 Kxh5
36.Bc5e7 axb4
37.axb4 Kxh4
38.Be7xf6 Kg3
39.Bf6e7 Kf4
40.Be7c5 Kg5
41.Bc5e7 Kg6
42.Be7c5 f5
43.exf5 Kxf5
44.Ba4c2 Kf6
45.Bc2e4 Ke6
46.Kd2 Bc7d6
{ draw }
1/2-1/2

[Event "Tourn. n9078"]
[Site "www.chess-mail.com"]
[Date "2016.12.21"]
[Round "1"]
[White "Snickers"]
[Black "Julian"]
[WhiteElo "1880"]
[BlackElo "1900"]
[Result "0-1"]
[Round "1"]
1.e4 c5
2.Ng1f3 d6
3.Bf1b5 Bc8d7
4.Bb5xd7 Qd8xd7
5.O-O Nb8c6
6.d4 cxd4
7.Nf3xd4 e5
8.Nd4f5 g6
9.Nf5e3 Bf8g7
10.Nb1c3 Ng8e7
11.Ne3d5 Ne7xd5
12.Nc3xd5 O-O
13.Bc1e3 Nc6e7
 { time }
0-1

[Event "Tourn. n9123"]
[Site "www.chess-mail.com"]
[Date "2016.12.21"]
[Round "1"]
[White "Norlavuaram"]
[Black "Urbe69"]
[WhiteElo "2220"]
[BlackElo "2089"]
[Result "0-1"]
[Round "1"]
1.e4 e6
2.d4 d5
3.Nb1d2 dxe4
4.Nd2xe4 Nb8d7
5.Bf1d3 Ng8f6
6.Bc1g5 h6
7.Bg5h4 c5
8.Ne4xc5 Nd7xc5
9.Ng1f3 Nc5xd3
10.Qd1xd3 b6
11.O-O Bc8b7
12.Ra1d1 Bf8e7
13.c4 O-O
14.Rf1e1 Ra8c8
15.b3 a6
16.Bh4g3 Nf6h5
17.Qd3e2 Nh5xg3
18.hxg3 Be7b4
19.Nf3d2 Qd8xd4
20.Nd2f3 Qd4f6
21.Nf3e5 Bb4xe1
22.Rd1xe1 Rf8d8
{ resign }
0-1

[Event "Tourn. n9052"]
[Site "www.chess-mail.com"]
[Date "2016.12.21"]
[Round "1"]
[White "Jaroslavpech"]
[Black "Falcoale"]
[WhiteElo "1950"]
[BlackElo "1880"]
[Result "1-0"]
[Round "1"]
1.e4 c5
2.Ng1f3 Nb8c6
3.d4 cxd4
4.Nf3xd4 Nc6xd4
5.Qd1xd4 b6
6.Bc1f4 Bc8b7
7.Nb1c3 d6
8.Bf1b5 { resign }
1-0

[Event "Tourn. n9021"]
[Site "www.chess-mail.com"]
[Date "2016.12.21"]
[Round "1"]
[White "Azulmarino"]
[Black "Genius3"]
[WhiteElo "1620"]
[BlackElo "1620"]
[Result "0-1"]
[Round "1"]
1.e4 c6
2.c4 d6
3.d4 Ng8f6
4.Nb1c3 g6
5.Bc1g5 Bf8g7
6.Ng1f3 O-O
7.Qd1d2 Bc8g4
8.Bg5h6 Bg4xf3
9.gxf3 Qd8c7
10.Bf1d3 Nb8d7
11.Nc3e2 e5
12.Bh6g5 exd4
13.Ne2xd4 Nd7e5
14.Bg5xf6 Bg7xf6
15.Qd2f4 Ne5xd3
16.Kd1 Nd3xf4
17.Nd4c2 Bf6xb2
18.Ra1b1 Bb2e5
19.h4 b6
20.Nc2e3 Be5d4
21.Ne3f1 Bd4xf2
22.Rh1h2 Bf2d4
23.Nf1g3 Nf4e6
24.Rh2g2 c5
25.h5 Ne6f4
26.Rg2h2 Qc7e7
27.hxg6 fxg6
28.Kc2 Nf4e6
29.Rb1h1 Bd4e5
30.Rh2xh7 Qe7xh7
31.Rh1xh7 Kxh7
{ resign }
0-1

[Event "Tourn. n9117"]
[Site "www.chess-mail.com"]
[Date "2016.12.21"]
[Round "1"]
[White "Hippomoomoo"]
[Black "Norlavuaram"]
[WhiteElo "2009"]
[BlackElo "2180"]
[Result "1-0"]
[Round "1"]
1.d4 Ng8f6
2.c4 g6
3.f3 Bf8g7
4.e4 d6
5.Bc1e3 O-O
6.Qd1d2 Rf8e8
7.Nb1c3 c5
8.d5 Nb8d7
9.Ng1h3 a6
10.Bf1e2 Ra8b8
11.O-O Nd7f8
12.Nh3f2 e6
13.dxe6 fxe6
14.Ra1d1 d5
15.exd5 exd5
16.cxd5 Nf8d7
17.Rf1e1 b5
18.d6 Bc8b7
19.Be3g5 Qd8b6
20.Qd2f4 Re8f8
21.Qf4h4 c4
22.Bg5e3 Qb6c6
23.Qh4h3 b4
24.Nc3e4 Nf6d5
25.Be3d4 Nd7f6
26.Ne4xf6 Nd5xf6
27.Qh3e6 Kh8
28.Qe6xc4 Qc6d7
29.Qc4xb4 Bb7xf3
30.Qb4d2 Bf3xe2
31.Qd2xe2 Rb8e8
32.Qe2xa6 Re8a8
33.Qa6b6 Ra8b8
34.Qb6c7 Rb8d8
35.Re1e7 Qd7xc7
36.dxc7 Rd8c8
37.Nf2e4 Rc8e8
38.Re7xe8 Rf8xe8
39.Bd4xf6 Bg7xf6
40.Ne4xf6 { resign }
1-0

[Event "Tourn. n9078"]
[Site "www.chess-mail.com"]
[Date "2016.12.21"]
[Round "1"]
[White "Snickers"]
[Black "Falcoale"]
[WhiteElo "1880"]
[BlackElo "1900"]
[Result "0-1"]
[Round "1"]
1.c4 c5
2.Nb1c3 Nb8c6
3.Ng1f3 e6
4.d4 cxd4
5.Nf3xd4 a6
6.e4 Bf8b4
7.Nd4xc6 bxc6
8.Bc1d2 Bc8b7
9.Bf1d3 Ng8f6
 { time }
0-1

[Event "Tourn. n9078"]
[Site "www.chess-mail.com"]
[Date "2016.12.21"]
[Round "1"]
[White "Pariolinius"]
[Black "Snickers"]
[WhiteElo "1870"]
[BlackElo "1880"]
[Result "1-0"]
[Round "1"]
1.d4 d5
2.Ng1f3 e6
3.Bc1f4 c5
4.e3 Nb8c6
5.c3 Ng8f6
6.Nb1d2 cxd4
7.cxd4 Bf8d6
8.Bf1b5 O-O
9.Bf4xd6 Qd8xd6
10.O-O Bc8d7
11.a3 a6
12.Bb5a4 b5
13.Ba4c2  { time }
1-0

[Event "Tourn. n9094"]
[Site "www.chess-mail.com"]
[Date "2016.12.21"]
[Round "1"]
[White "Norlavuaram"]
[Black "Osopanda"]
[WhiteElo "2240"]
[BlackElo "2010"]
[Result "1-0"]
[Round "1"]
1.e4 e5
2.Ng1f3 f5
3.Nf3xe5 Ng8f6
4.exf5 d6
5.Ne5f3 Bc8xf5
6.Bf1e2 Nb8c6
7.O-O Bf8e7
8.d4 O-O
9.c4 d5
10.Nb1c3 Qd8d7
11.cxd5 Nf6xd5
12.Be2c4 Bf5e6
13.Rf1e1 Rf8xf3
14.Qd1xf3 Ra8f8
15.Qf3e4 Be7d6
16.Bc4xd5 Bd6xh2
17.Kxh2 Qd7d6
18.f4 Be6xd5
19.Qe4xd5 Qd6xd5
20.Nc3xd5 Nc6xd4
21.Nd5e3 Rf8xf4
22.Ne3d5 Rf4h4
23.Kg1 Nd4c2
24.Bc1g5 Rh4g4
25.Re1e8 Kf7
26.Re8e7 Kg6
27.Nd5e3 Nc2xe3
28.Bg5xe3 Kf6
29.Re7xc7 Rg4b4
30.Ra1f1 Ke5
31.b3 a5
32.Be3c1 b5
33.Bc1d2 Rb4e4
34.Rc7e7 { resign }
1-0

[Event "Tourn. n9108"]
[Site "www.chess-mail.com"]
[Date "2016.12.21"]
[Round "1"]
[White "Bojan"]
[Black "Norlavuaram"]
[WhiteElo "2020"]
[BlackElo "2150"]
[Result "0-1"]
[Round "1"]
1.e4 e5
2.Ng1f3 Nb8c6
3.Bf1c4 Bf8e7
4.Nb1c3 Ng8f6
5.d4 d6
6.dxe5 dxe5
7.Qd1xd8 Be7xd8
8.a3 O-O
9.h3 Bc8d7
10.Bc1g5 h6
11.Bg5h4 a6
12.O-O-O Bd7c8
13.Rd1d3 Bc8e6
14.Bc4xe6 fxe6
15.Bh4g3 Nf6h5
16.Bg3h2 Nh5f4
17.Rd3d7 Rf8f7
18.Rd7xf7 Kxf7
19.Rh1g1 Bd8f6
20.Kd2 Ra8d8
21.Ke3 Nf4g6
22.g3 Nc6d4
23.Rg1c1 c5
24.Nc3a4 Bf6e7
25.h4 b5
26.Na4c3 b4
27.axb4 cxb4
28.Nc3a4 Nd4xf3
29.Kxf3 Ng6f8
30.Na4b6 Kf6
31.g4 Nf8d7
32.Nb6c4 Rd8c8
33.b3 Be7c5
34.Rc1a1 Rc8c6
35.Ke2 Bc5d4
36.Ra1a4 Bd4c3
37.f3 Nd7c5
38.Ra4a5 Nc5b7
39.Ra5a2 Nb7d6
40.Nc4e3 Nd6b5
41.Ne3c4 Nb5d6
42.Nc4a5 Rc6c7
43.Kd3 Bc3e1
44.g5 hxg5
45.hxg5 Kxg5
46.Bh2xe5 Rc7d7
47.Ke2 Be1c3
48.Na5c6 Nd6b5
49.Be5g3 Rd7d2
50.Ke3 Nb5a3
51.Bg3f4 Kf6
52.Bf4d6 Rd2xd6
53.Nc6b8 a5
54.f4 Rd6d2
55.Nb8c6 Rd2xc2
56.Ra2a1 Bc3xa1
{ resign }
0-1

[Event "Tourn. n9129"]
[Site "www.chess-mail.com"]
[Date "2016.12.21"]
[Round "1"]
[White "Jobeye"]
[Black "Aperturaf"]
[WhiteElo "1990"]
[BlackElo "2370"]
[Result "0-1"]
[Round "1"]
1.Ng1f3 d5
2.c3 c5
3.e4 dxe4
4.Qd1a4 Nb8c6
5.Qa4xe4 Ng8f6
6.Qe4c4 e5
7.Nf3g5 Nf6d5
8.d4 exd4
9.Bf1e2 Bf8e7
10.Ng5e4 O-O
11.Ne4xc5 Nd5b6
12.Qc4b5 a6
13.Nc5xa6 Ra8xa6
14.c4 d3
15.Be2d1 Be7b4
16.Nb1c3 Rf8e8
17.Kf1 d2
18.Nc3e2 Re8xe2
19.Bd1xe2 d1Q
{ resign }
0-1

[Event "Tourn. n9140"]
[Site "www.chess-mail.com"]
[Date "2016.12.21"]
[Round "1"]
[White "Norlavuaram"]
[Black "Jobeye"]
[WhiteElo "2150"]
[BlackElo "2040"]
[Result "1-0"]
[Round "1"]
1.e4 g5
2.d4 e6
3.c4 c5
4.Nb1c3 Bf8g7
5.Ng1e2 Qd8f6
6.e5 Qf6g6
7.Nc3b5 Nb8a6
8.Nb5d6 Kd8
9.Ne2c3 Na6b4
10.Nc3e4 cxd4
11.Bc1xg5 Kc7
12.a3 Nb4c6
13.f4 Nc6xe5
14.fxe5 Bg7xe5
15.Nd6e8 Kb8
16.Qd1f3 f5
17.Bg5f4 Be5xf4
18.Qf3xf4 e5
19.Qf4xe5 d6
20.Ne4xd6 Bc8d7
21.Nd6b5 { resign }
1-0

[Event "Tourn. n9059"]
[Site "www.chess-mail.com"]
[Date "2016.12.21"]
[Round "1"]
[White "Cernunnoss"]
[Black "Nulladies"]
[WhiteElo "1710"]
[BlackElo "1850"]
[Result "1-0"]
[Round "1"]
1.e4 c5
2.Ng1f3 g6
3.d4 cxd4
4.Nf3xd4 Bf8g7
5.Nb1c3 Qd8b6
6.Nd4b3 Bg7xc3
7.bxc3 d6
8.Bf1d3 Ng8f6
9.O-O Bc8g4
10.Qd1e1 Nb8d7
11.Bc1e3 Qb6c7
12.f3 Bg4e6
13.Nb3d4 Be6c4
14.Be3h6 Nd7e5
15.Qe1d2 O-O-O
16.Ra1b1 Bc4xa2
17.Rb1a1 Ne5c4
18.Qd2e2 Nf6g8
19.Bh6g7 Ng8f6
20.Bg7xh8 Rd8xh8
21.Ra1xa2 Nc4e5
22.Ra2xa7 Kd7
23.Bd3b5 Ne5c6
24.Bb5xc6 bxc6
25.Ra7xc7 { resign }
1-0

[Event "Tourn. n9080"]
[Site "www.chess-mail.com"]
[Date "2016.12.21"]
[Round "1"]
[White "Bojan"]
[Black "Ozana"]
[WhiteElo "2040"]
[BlackElo "2010"]
[Result "0-1"]
[Round "1"]
1.e4 d6
2.d4 Ng8f6
3.Nb1c3 e5
4.d5 Bf8e7
5.h3 O-O
6.Bf1d3 c6
7.dxc6 bxc6
8.Ng1f3 Bc8b7
9.Nf3h2 d5
10.exd5 cxd5
11.a3 e4
12.Bd3e2 d4
13.Nc3a2 Nb8c6
14.Nh2g4 Nf6d5
15.Be2b5 Qd8a5
16.c3 Qa5xb5
17.cxd4 Qb5c4
18.Bc1e3 Nd5xe3
19.fxe3 f5
20.b3 Qc4d3
21.Qd1xd3 exd3
22.Ng4f2 Be7h4
23.Rh1f1 Nc6xd4
24.exd4 Bb7xg2
25.Rf1g1 Rf8e8
26.Kd1 Bg2f3
27.Kc1 Bh4xf2
{ resign }
0-1

[Event "Tourn. n9107"]
[Site "www.chess-mail.com"]
[Date "2016.12.21"]
[Round "1"]
[White "Osopanda"]
[Black "Jobeye"]
[WhiteElo "2000"]
[BlackElo "2149"]
[Result "0-1"]
[Round "1"]
1.d4 c6
2.e4 g6
3.Nb1c3 Bf8g7
4.Bc1e3 e6
5.Bf1d3 d6
6.f4 Nb8d7
7.Ng1f3 a5
8.O-O Ng8f6
9.h3 Bg7h6
10.g4 Bh6g7
11.f5 e5
12.dxe5 dxe5
13.fxg6 hxg6
14.Kg2 b5
15.a3 Bc8b7
16.Be3c5 Nd7xc5
17.Nf3xe5 Nc5xd3
18.cxd3 Nf6xe4
19.Ne5xf7 Ne4xc3
20.Nf7xd8 Nc3xd1
21.Nd8xb7 Nd1e3
22.Kf2 Ne3xf1
23.Kxf1 Rh8xh3
24.Ra1e1 Kf8
25.Nb7d6 Rh3h1
{ resign }
0-1

[Event "Tourn. n9036"]
[Site "www.chess-mail.com"]
[Date "2016.12.21"]
[Round "1"]
[White "Traub"]
[Black "Autmich"]
[WhiteElo "1310"]
[BlackElo "999"]
[Result "0-1"]
[Round "1"]
1.d4 Ng8f6
2.c4 e6
3.e3 Bf8b4
4.Nb1c3 Nf6e4
5.Qd1c2 c5
6.a3 Bb4xc3
7.bxc3 d5
8.Bf1d3 Ne4f6
9.f3 Nb8c6
10.cxd5 Nf6xd5
11.e4 Nd5f6
12.dxc5 O-O
13.f4 { time. }
0-1